Normal view
MARC view
- Jadhav, S. S. And Others
Entry Personal Name
001 - CONTROL NUMBER
- control field: 69271
003 - CONTROL NUMBER IDENTIFIER
- control field: OSt
005 - DATE AND TIME OF LATEST TRANSACTION
- control field: 20220806111551.0
008 - FIXED-LENGTH DATA ELEMENTS
- fixed length control field: 220806|| aca||aabn | a|a d
040 ## - CATALOGING SOURCE
- Original cataloging agency: OSt
- Transcribing agency: OSt
100 ## - HEADING--PERSONAL NAME
- Personal name: Jadhav, S. S. And Others
670 ## - SOURCE DATA FOUND
- Source citation: Work cat.: (OSt)38867: Jadhav, S. S. And Others, Physical And Analytical Chemistry (sem-ii, Paper-iii), 2014